[Event "Women's Baku Chess Olympiad"]
[Site "chess24.com"]
[Date "2016.09.09"]
[Round "7"]
[White "Fransson, Angelina"]
[Black "Martinez, Ayelen"]
[Result "1/2-1/2"]
[Board "4"]
[WhiteID "1712632"]
[WhiteElo "1996"]
[WhiteCountry "SWE"]
[WhiteFideId "1712632"]
[WhiteEloChange "6"]
[BlackID "118702"]
[BlackElo "2219"]
[BlackTitle "WIM"]
[BlackCountry "ARG"]
[BlackFideId "118702"]
[BlackEloChange "-6"]

1. e4 {[%clk 1:30:57]} c5 {[%clk 1:30:52]} 2. Nf3 {[%clk 1:31:22]} d6 {[%clk
1:31:17]} 3. Bb5+ {[%clk 1:31:47]} Nd7 {[%clk 1:31:44]} 4. O-O {[%clk 1:31:51]}
Nf6 {[%clk 1:30:43]} 5. Re1 {[%clk 1:32:01]} e5 {[%clk 1:30:40]} 6. c3 {[%clk
1:30:23]} a6 {[%clk 1:31:03]} 7. Bf1 {[%clk 1:28:14]} b5 {[%clk 1:27:44]} 8. d4
{[%clk 1:27:08]} Be7 {[%clk 1:27:41]} 9. d5 {[%clk 1:10:14]} Nb6 {[%clk 1:23:11]}
10. b3 {[%clk 1:06:05]} Bg4 {[%clk 1:22:04]} 11. Nbd2 {[%clk 1:04:09]} O-O {[%clk
1:21:07]} 12. h3 {[%clk 1:01:43]} Bh5 {[%clk 1:20:32]} 13. a4 {[%clk 0:58:59]}
Qd7 {[%clk 1:13:41]} 14. a5 {[%clk 0:55:41]} Nc8 {[%clk 1:14:04]} 15. Bd3 {[%clk
0:50:39]} Bd8 {[%clk 1:12:22]} 16. Nf1 {[%clk 0:46:54]} Ne7 {[%clk 1:04:05]} 17.
Ng3 {[%clk 0:46:35]} Ng6 {[%clk 1:00:51]} 18. Bf1 {[%clk 0:37:40]} Nf4 {[%clk
0:53:27]} 19. Bxf4 {[%clk 0:33:23]} exf4 {[%clk 0:53:22]} 20. Nxh5 {[%clk
0:33:32]} Nxh5 {[%clk 0:53:47]} 21. Nh2 {[%clk 0:33:22]} g6 {[%clk 0:52:49]} 22.
Be2 {[%clk 0:26:50]} Ng7 {[%clk 0:51:09]} 23. Qd2 {[%clk 0:24:27]} Bf6 {[%clk
0:51:04]} 24. Ng4 {[%clk 0:19:00]} Qe7 {[%clk 0:50:14]} 25. Rad1 {[%clk 0:12:55]}
Be5 {[%clk 0:48:07]} 26. Nxe5 {[%clk 0:12:56]} Qxe5 {[%clk 0:48:32]} 27. Bg4
{[%clk 0:12:29]} Ra7 {[%clk 0:29:24]} 28. b4 {[%clk 0:09:25]} Rc7 {[%clk
0:26:18]} 29. Rc1 {[%clk 0:09:05]} h5 {[%clk 0:23:53]} 30. Bf3 {[%clk 0:07:50]}
Rfc8 {[%clk 0:23:59]} 31. c4 {[%clk 0:07:51]} bxc4 {[%clk 0:19:10]} 32. Rxc4
{[%clk 0:07:10]} Ne8 {[%clk 0:11:47]} 33. Rec1 {[%clk 0:06:23]} cxb4 {[%clk
0:12:10]} 34. Rxc7 {[%clk 0:03:56]} Rxc7 {[%clk 0:12:36]} 35. Rxc7 {[%clk
0:04:12]} Nxc7 {[%clk 0:13:02]} 36. Qxb4 {[%clk 0:04:22]} Nb5 {[%clk 0:13:29]}
37. Kh2 {[%clk 0:04:02]} Kg7 {[%clk 0:11:33]} 38. Qd2 {[%clk 0:03:27]} Qa1 {[%clk
0:08:00]} 39. Be2 {[%clk 0:02:27]} Nc3 {[%clk 0:03:26]} 40. Qd4+ {[%clk 0:32:29]}
Kg8 {[%clk 0:32:20]} 41. Bxa6 {[%clk 0:30:23]} Qxa5 {[%clk 0:32:38]} 42. Bd3
{[%clk 0:26:32]} Nd1 {[%clk 0:24:44]} 43. Bc2 {[%clk 0:24:37]} Nc3 {[%clk
0:24:36]} 44. Qd2 {[%clk 0:17:25]} Qc5 {[%clk 0:22:07]} 45. Kg1 {[%clk 0:05:58]}
Qc4 {[%clk 0:13:02]} 46. Qd3 {[%clk 0:05:48]} Qc5 {[%clk 0:06:11]} 47. Bd1 {[%clk
0:05:38]} Nb5 {[%clk 0:03:55]} 48. Bf3 {[%clk 0:05:00]} Nd4 {[%clk 0:04:00]} 49.
Qd2 {[%clk 0:05:09]} Nxf3+ {[%clk 0:00:42]} 50. gxf3 {[%clk 0:05:35]} g5 {[%clk
0:01:05]} 51. Qb2 {[%clk 0:05:18]} g4 {[%clk 0:00:49]} 52. hxg4 {[%clk 0:04:58]}
hxg4 {[%clk 0:01:15]} 53. fxg4 {[%clk 0:04:16]} Qc8 {[%clk 0:00:39]} 54. Qe2
{[%clk 0:04:25]} Qc3 {[%clk 0:00:47]} 55. Kg2 {[%clk 0:04:40]} Kg7 {[%clk
0:01:07]} 56. Qf3 {[%clk 0:04:48]} Qe5 {[%clk 0:01:32]} 57. Qb3 {[%clk 0:04:05]}
Qxe4+ {[%clk 0:01:43]} 58. Qf3 {[%clk 0:04:30]} Qe5 {[%clk 0:02:06]} 59. Kh2
{[%clk 0:04:22]} Kg6 {[%clk 0:01:32]} 60. Kg2 {[%clk 0:04:12]} Kg5 {[%clk
0:01:40]} 61. Kg1 {[%clk 0:02:46]} Qa1+ {[%clk 0:01:27]} 62. Kg2 {[%clk 0:03:07]}
Qh8 {[%clk 0:00:49]} 63. Qe2 {[%clk 0:02:52]} Qf6 {[%clk 0:00:40]} 64. f3 {[%clk
0:02:52]} Kh6 {[%clk 0:00:37]} 65. Qe8 {[%clk 0:02:40]} Kg7 {[%clk 0:00:52]} 66.
Qe4 {[%clk 0:02:38]} Qb2+ {[%clk 0:01:02]} 67. Kf1 {[%clk 0:01:57]} Qc1+ {[%clk
0:01:14]} 68. Ke2 {[%clk 0:02:06]} Qb2+ {[%clk 0:01:22]} 69. Ke1 {[%clk 0:01:39]}
Qc1+ {[%clk 0:01:44]} 1/2-1/2

[Event "Women's Baku Chess Olympiad"]
[Site "chess24.com"]
[Date "2016.09.09"]
[Round "7"]
[White "Rodriguez Rueda, Paula Andrea"]
[Black "Narva, Mai"]
[Result "1-0"]
[Board "1"]
[WhiteID "4404564"]
[WhiteElo "2326"]
[WhiteTitle "IM"]
[WhiteCountry "COL"]
[WhiteFideId "4404564"]
[WhiteEloChange "8"]
[BlackID "4500512"]
[BlackElo "2238"]
[BlackTitle "WIM"]
[BlackCountry "EST"]
[BlackFideId "4500512"]
[BlackEloChange "-8"]

1. d4 {[%clk 1:30:57]} Nf6 {[%clk 1:30:48]} 2. c4 {[%clk 1:31:20]} e6 {[%clk
1:31:08]} 3. Nc3 {[%clk 1:31:43]} d5 {[%clk 1:31:22]} 4. Nf3 {[%clk 1:31:41]} Be7
{[%clk 1:31:24]} 5. Bg5 {[%clk 1:32:06]} O-O {[%clk 1:31:25]} 6. e3 {[%clk
1:32:33]} h6 {[%clk 1:31:35]} 7. Bh4 {[%clk 1:32:58]} b6 {[%clk 1:31:44]} 8. Qb3
{[%clk 1:33:20]} c6 {[%clk 1:25:42]} 9. Be2 {[%clk 1:29:16]} Nbd7 {[%clk
1:24:37]} 10. O-O {[%clk 1:29:24]} Ne4 {[%clk 1:07:56]} 11. Bxe7 {[%clk 1:29:02]}
Qxe7 {[%clk 1:08:16]} 12. Nxe4 {[%clk 1:28:55]} dxe4 {[%clk 1:08:37]} 13. Nd2
{[%clk 1:29:20]} e5 {[%clk 1:05:30]} 14. Rad1 {[%clk 1:27:15]} Nf6 {[%clk
0:58:49]} 15. Rfe1 {[%clk 1:26:45]} Rd8 {[%clk 0:54:47]} 16. Nf1 {[%clk 1:26:57]}
Bf5 {[%clk 0:50:30]} 17. Qa4 {[%clk 1:26:10]} Rd6 {[%clk 0:36:53]} 18. Qa3 {[%clk
1:17:43]} exd4 {[%clk 0:25:36]} 19. exd4 {[%clk 1:16:37]} Qd7 {[%clk 0:25:00]}
20. Ng3 {[%clk 1:15:32]} Bg6 {[%clk 0:23:46]} 21. c5 {[%clk 1:14:56]} Rxd4 {[%clk
0:17:24]} 22. cxb6 {[%clk 1:15:20]} Rd5 {[%clk 0:17:06]} 23. Qa6 {[%clk 1:11:02]}
Rb8 {[%clk 0:14:50]} 24. Qxa7 {[%clk 1:03:40]} Qxa7 {[%clk 0:14:45]} 25. bxa7
{[%clk 1:04:08]} Ra8 {[%clk 0:14:52]} 26. Rc1 {[%clk 1:04:22]} Rxa7 {[%clk
0:11:05]} 27. Rxc6 {[%clk 1:04:42]} Rd2 {[%clk 0:11:17]} 28. h4 {[%clk 1:04:02]}
h5 {[%clk 0:07:22]} 29. Bc4 {[%clk 1:03:18]} Rxb2 {[%clk 0:07:11]} 30. Rc8+
{[%clk 1:03:14]} Kh7 {[%clk 0:07:32]} 31. Rd1 {[%clk 1:03:29]} Rd7 {[%clk
0:06:08]} 32. Rxd7 {[%clk 0:57:57]} Nxd7 {[%clk 0:06:31]} 33. Re8 {[%clk
0:57:48]} Nf6 {[%clk 0:02:54]} 34. a4 {[%clk 0:56:12]} Rc2 {[%clk 0:01:02]} 35.
Rc8 {[%clk 0:55:50]} Rc1+ {[%clk 0:01:00]} 36. Nf1 {[%clk 0:56:01]} Bf5 {[%clk
0:01:10]} 37. Be6 {[%clk 0:54:00]} Rxf1+ {[%clk 0:01:10]} 38. Kxf1 {[%clk
0:54:28]} Bxe6 {[%clk 0:01:46]} 39. Rc5 {[%clk 0:52:41]} Nd5 {[%clk 0:00:53]} 40.
a5 {[%clk 1:22:46]} Nb4 {[%clk 0:30:45]} 41. Rxh5+ {[%clk 1:20:24]} Kg6 {[%clk
0:30:34]} 42. Rg5+ {[%clk 1:19:47]} Kf6 {[%clk 0:29:52]} 43. Ke1 {[%clk 1:19:01]}
g6 {[%clk 0:11:14]} 44. Rb5 {[%clk 1:17:18]} Nc2+ {[%clk 0:10:53]} 45. Kd2 {[%clk
1:12:33]} Nd4 {[%clk 0:10:32]} 46. Rg5 {[%clk 1:12:55]} Nc6 {[%clk 0:07:50]} 47.
a6 {[%clk 1:10:08]} Ke7 {[%clk 0:05:52]} 48. g4 {[%clk 1:10:13]} Bc8 {[%clk
0:00:42]} 49. Rb5 {[%clk 1:05:41]} Kd6 {[%clk 0:00:34]} 50. h5 {[%clk 1:03:58]}
gxh5 {[%clk 0:00:36]} 51. gxh5 {[%clk 1:04:20]} Bxa6 {[%clk 0:00:38]} 52. h6
{[%clk 0:59:15]} Bxb5 {[%clk 0:00:42]} 53. h7 {[%clk 0:59:44]} Bc4 {[%clk
0:00:34]} 54. h8Q {[%clk 1:00:05]} Bd5 {[%clk 0:00:41]} 55. Ke3 {[%clk 0:59:45]}
Ke6 {[%clk 0:00:33]} 56. Kf4 {[%clk 0:59:31]} Kd6 {[%clk 0:00:51]} 57. Qh7 {[%clk
0:58:39]} Ke6 {[%clk 0:00:36]} 58. Kg5 {[%clk 0:57:38]} Kd6 {[%clk 0:00:34]} 59.
Kf6 {[%clk 0:57:55]} Kc5 {[%clk 0:00:36]} 60. Qh8 {[%clk 0:56:23]} Kc4 {[%clk
0:00:35]} 61. Qf8 {[%clk 0:55:41]} Kd4 {[%clk 0:00:36]} 62. Qd6 {[%clk 0:54:38]}
Kc4 {[%clk 0:00:44]} 63. Kf5 {[%clk 0:54:35]} Kd4 {[%clk 0:00:35]} 64. Kf4 {[%clk
0:54:59]} Kc4 {[%clk 0:00:42]} 65. Ke3 {[%clk 0:55:28]} Nb4 {[%clk 0:00:48]} 66.
Qc7+ {[%clk 0:52:44]} Nc6 {[%clk 0:00:43]} 67. Qb6 {[%clk 0:52:55]} Nb4 {[%clk
0:00:46]} 68. Qd4+ {[%clk 0:52:35]} Kb5 {[%clk 0:00:36]} 69. Kd2 {[%clk 0:52:37]}
Bc6 {[%clk 0:00:37]} 70. Kc3 {[%clk 0:52:16]} Na2+ {[%clk 0:00:45]} 71. Kb3
{[%clk 0:52:01]} Nc1+ {[%clk 0:00:51]} 72. Kb2 {[%clk 0:52:17]} Nd3+ {[%clk
0:00:57]} 73. Kc3 {[%clk 0:52:45]} f5 {[%clk 0:00:43]} 74. f3 {[%clk 0:52:02]}
Nf4 {[%clk 0:00:32]} 75. Qb4+ {[%clk 0:47:43]} Ka6 {[%clk 0:00:56]} 76. Qd6
{[%clk 0:47:44]} Nd5+ {[%clk 0:00:59]} 77. Kd4 {[%clk 0:48:06]} Kb7 {[%clk
0:00:52]} 78. Kc5 {[%clk 0:47:44]} Nb4 {[%clk 0:00:53]} 79. Kxb4 {[%clk 0:46:17]}
exf3 {[%clk 0:01:13]} 80. Kc5 {[%clk 0:46:40]} 1-0

[Event "Women's Baku Chess Olympiad"]
[Site "chess24.com"]
[Date "2016.09.09"]
[Round "7"]
[White "Heredia Serrano, Carla"]
[Black "Marrero Lopez, Yaniet"]
[Result "1-0"]
[Board "2"]
[WhiteID "3603687"]
[WhiteElo "2075"]
[WhiteTitle "WGM"]
[WhiteCountry "ECU"]
[WhiteFideId "3603687"]
[WhiteEloChange "15"]
[BlackID "3503950"]
[BlackElo "2281"]
[BlackTitle "WGM"]
[BlackCountry "CUB"]
[BlackFideId "3503950"]
[BlackEloChange "-15"]

1. e4 {[%clk 1:30:57]} e5 {[%clk 1:30:48]} 2. Nf3 {[%clk 1:31:23]} Nc6 {[%clk
1:31:10]} 3. d4 {[%clk 1:31:50]} exd4 {[%clk 1:31:34]} 4. c3 {[%clk 1:32:17]} d3
{[%clk 1:30:52]} 5. Bxd3 {[%clk 1:32:41]} Bc5 {[%clk 1:31:09]} 6. b4 {[%clk
1:32:59]} Bb6 {[%clk 1:31:12]} 7. a4 {[%clk 1:33:26]} a6 {[%clk 1:30:54]} 8. Nbd2
{[%clk 1:28:11]} Qf6 {[%clk 1:27:57]} 9. Qc2 {[%clk 1:05:45]} d6 {[%clk 1:14:59]}
10. O-O {[%clk 0:53:31]} Bg4 {[%clk 0:59:29]} 11. Bb2 {[%clk 0:37:06]} Bxf3
{[%clk 0:56:46]} 12. Nxf3 {[%clk 0:36:33]} Nge7 {[%clk 0:57:04]} 13. b5 {[%clk
0:21:49]} Ne5 {[%clk 0:57:04]} 14. Nxe5 {[%clk 0:16:36]} dxe5 {[%clk 0:57:22]}
15. Ba3 {[%clk 0:12:52]} O-O {[%clk 0:57:30]} 16. a5 {[%clk 0:13:13]} Ba7 {[%clk
0:57:36]} 17. bxa6 {[%clk 0:13:39]} bxa6 {[%clk 0:57:23]} 18. Bxa6 {[%clk
0:09:22]} Qxa6 {[%clk 0:46:29]} 19. Bxe7 {[%clk 0:09:50]} Rfe8 {[%clk 0:46:52]}
20. Bh4 {[%clk 0:10:14]} Re6 {[%clk 0:38:15]} 21. Rfd1 {[%clk 0:10:04]} Rd6
{[%clk 0:33:21]} 22. h3 {[%clk 0:06:23]} Qc4 {[%clk 0:32:48]} 23. Rxd6 {[%clk
0:03:38]} cxd6 {[%clk 0:33:16]} 24. Ra4 {[%clk 0:02:44]} Qc6 {[%clk 0:33:21]} 25.
Bg5 {[%clk 0:01:20]} Bd4 {[%clk 0:22:22]} 26. Bd2 {[%clk 0:01:41]} Qc5 {[%clk
0:21:34]} 27. Be1 {[%clk 0:01:47]} Rc8 {[%clk 0:16:14]} 28. Qb3 {[%clk 0:00:41]}
Bxc3 {[%clk 0:16:06]} 29. Bxc3 {[%clk 0:01:10]} Qxc3 {[%clk 0:16:26]} 30. Qxc3
{[%clk 0:01:38]} Rxc3 {[%clk 0:15:20]} 31. Kf1 {[%clk 0:01:57]} Kf8 {[%clk
0:15:13]} 32. Ke2 {[%clk 0:02:09]} Ke7 {[%clk 0:10:17]} 33. a6 {[%clk 0:02:29]}
Rc8 {[%clk 0:10:27]} 34. Kd3 {[%clk 0:02:40]} f5 {[%clk 0:09:00]} 35. f3 {[%clk
0:00:40]} g5 {[%clk 0:05:06]} 36. a7 {[%clk 0:00:52]} Ra8 {[%clk 0:05:35]} 37.
Kc4 {[%clk 0:00:51]} fxe4 {[%clk 0:04:11]} 38. fxe4 {[%clk 0:01:16]} Ke6 {[%clk
0:04:34]} 39. Kb5 {[%clk 0:01:09]} h5 {[%clk 0:04:27]} 40. Kc6 {[%clk 0:31:16]}
g4 {[%clk 0:31:31]} 41. hxg4 {[%clk 0:31:04]} hxg4 {[%clk 0:31:59]} 42. Kb7
{[%clk 0:30:14]} Re8 {[%clk 0:27:13]} 43. a8Q {[%clk 0:27:05]} Rxa8 {[%clk
0:27:40]} 44. Rxa8 {[%clk 0:27:23]} Kf6 {[%clk 0:28:09]} 45. Kc6 {[%clk 0:27:24]}
Kg5 {[%clk 0:28:36]} 46. Kxd6 {[%clk 0:27:46]} Kf4 {[%clk 0:28:59]} 47. Kd5
{[%clk 0:28:11]} 1-0

[Event "Women's Baku Chess Olympiad"]
[Site "chess24.com"]
[Date "2016.09.09"]
[Round "7"]
[White "Krivec, Jana"]
[Black "Botez, Alexandra"]
[Result "1-0"]
[Board "2"]
[WhiteID "14601982"]
[WhiteElo "2259"]
[WhiteTitle "WGM"]
[WhiteCountry "SLO"]
[WhiteFideId "14601982"]
[WhiteEloChange "6"]
[BlackID "2603365"]
[BlackElo "2092"]
[BlackTitle "WFM"]
[BlackCountry "CAN"]
[BlackFideId "2603365"]
[BlackEloChange "-6"]

1. e4 {[%clk 1:30:58]} e6 {[%clk 1:30:53]} 2. d4 {[%clk 1:31:14]} d5 {[%clk
1:31:16]} 3. Nc3 {[%clk 1:31:35]} Nf6 {[%clk 1:31:35]} 4. Bg5 {[%clk 1:31:38]}
Bb4 {[%clk 1:31:48]} 5. e5 {[%clk 1:31:58]} h6 {[%clk 1:32:11]} 6. Bc1 {[%clk
1:32:20]} Ne4 {[%clk 1:32:16]} 7. Qg4 {[%clk 1:32:40]} g6 {[%clk 1:31:42]} 8. Ne2
{[%clk 1:32:54]} c5 {[%clk 1:30:40]} 9. a3 {[%clk 1:32:48]} Nxc3 {[%clk 1:19:49]}
10. Nxc3 {[%clk 1:23:47]} Qa5 {[%clk 1:17:05]} 11. Bd2 {[%clk 1:12:15]} cxd4
{[%clk 1:09:32]} 12. Bb5+ {[%clk 0:55:35]} Nc6 {[%clk 1:09:01]} 13. Bxc6+ {[%clk
0:55:38]} bxc6 {[%clk 1:09:21]} 14. Qxd4 {[%clk 0:55:56]} c5 {[%clk 1:08:29]} 15.
Qf4 {[%clk 0:55:55]} Ba6 {[%clk 1:07:21]} 16. Qf6 {[%clk 0:44:51]} Rg8 {[%clk
1:07:13]} 17. Qf3 {[%clk 0:41:06]} Bxc3 {[%clk 0:59:14]} 18. Bxc3 {[%clk
0:33:15]} Qc7 {[%clk 0:59:30]} 19. O-O-O {[%clk 0:29:31]} Rb8 {[%clk 0:57:05]}
20. Rhe1 {[%clk 0:23:23]} d4 {[%clk 0:53:02]} 21. Bd2 {[%clk 0:22:23]} Bc4 {[%clk
0:46:33]} 22. Bxh6 {[%clk 0:17:42]} Qb6 {[%clk 0:40:07]} 23. b3 {[%clk 0:17:41]}
Bd5 {[%clk 0:40:22]} 24. Qf6 {[%clk 0:14:03]} Qa5 {[%clk 0:24:51]} 25. Bg5 {[%clk
0:12:11]} Qxa3+ {[%clk 0:24:41]} 26. Kd2 {[%clk 0:12:36]} Qb4+ {[%clk 0:24:23]}
27. Ke2 {[%clk 0:13:00]} Qb5+ {[%clk 0:20:55]} 28. Rd3 {[%clk 0:13:16]} Kd7
{[%clk 0:12:01]} 29. Qxf7+ {[%clk 0:01:35]} Kc6 {[%clk 0:12:22]} 30. Ra1 {[%clk
0:01:03]} a6 {[%clk 0:12:14]} 31. Ke1 {[%clk 0:01:18]} Kb6 {[%clk 0:09:35]} 32.
f3 {[%clk 0:00:33]} Rbf8 {[%clk 0:08:02]} 33. Qe7 {[%clk 0:00:42]} Rc8 {[%clk
0:03:28]} 34. Bd2 {[%clk 0:01:01]} Qc6 {[%clk 0:01:02]} 35. Ba5+ {[%clk 0:01:13]}
Kb5 {[%clk 0:01:29]} 36. Rxd4 {[%clk 0:00:51]} Qb7 {[%clk 0:00:45]} 37. c4+
{[%clk 0:01:06]} Bxc4 {[%clk 0:00:35]} 38. bxc4+ {[%clk 0:01:32]} 1-0

[Event "Women's Baku Chess Olympiad"]
[Site "chess24.com"]
[Date "2016.09.09"]
[Round "7"]
[White "Monroy G., Nataly A."]
[Black "Balajayeva, Khanim"]
[Result "1/2-1/2"]
[Board "2"]
[WhiteID "3304019"]
[WhiteElo "2105"]
[WhiteTitle "WIM"]
[WhiteCountry "BOL"]
[WhiteFideId "3304019"]
[WhiteEloChange "1"]
[BlackID "13406396"]
[BlackElo "2147"]
[BlackTitle "WFM"]
[BlackCountry "AZE"]
[BlackFideId "13406396"]
[BlackEloChange "-1"]

1. d4 {[%clk 1:30:49]} d5 {[%clk 1:30:56]} 2. Nf3 {[%clk 1:31:03]} e6 {[%clk
1:31:01]} 3. c4 {[%clk 1:31:17]} Nf6 {[%clk 1:31:24]} 4. g3 {[%clk 1:31:20]} dxc4
{[%clk 1:31:49]} 5. Bg2 {[%clk 1:31:23]} c6 {[%clk 1:24:07]} 6. O-O {[%clk
1:26:19]} Nbd7 {[%clk 1:22:16]} 7. Nc3 {[%clk 1:25:15]} Be7 {[%clk 1:19:27]} 8.
e4 {[%clk 1:24:11]} O-O {[%clk 1:14:44]} 9. Qe2 {[%clk 1:21:09]} b5 {[%clk
1:11:02]} 10. a4 {[%clk 1:20:09]} b4 {[%clk 1:09:57]} 11. Na2 {[%clk 1:19:25]} a5
{[%clk 1:10:08]} 12. Rd1 {[%clk 1:18:58]} Ba6 {[%clk 1:09:31]} 13. Bf4 {[%clk
1:17:14]} Qc8 {[%clk 0:49:22]} 14. Qe3 {[%clk 0:47:23]} c3 {[%clk 0:39:14]} 15.
Rdb1 {[%clk 0:27:04]} Ng4 {[%clk 0:33:00]} 16. Qc1 {[%clk 0:23:57]} Bd3 {[%clk
0:33:23]} 17. bxc3 {[%clk 0:24:21]} Bxb1 {[%clk 0:33:49]} 18. Rxb1 {[%clk
0:24:44]} c5 {[%clk 0:32:06]} 19. e5 {[%clk 0:23:18]} Rb8 {[%clk 0:28:24]} 20.
cxb4 {[%clk 0:23:14]} cxb4 {[%clk 0:28:19]} 21. Qb2 {[%clk 0:23:06]} Nb6 {[%clk
0:23:03]} 22. h3 {[%clk 0:21:40]} Nh6 {[%clk 0:23:29]} 23. Bxh6 {[%clk 0:20:44]}
gxh6 {[%clk 0:23:55]} 24. Qd2 {[%clk 0:20:21]} Kg7 {[%clk 0:24:16]} 25. Rc1
{[%clk 0:19:59]} Qd8 {[%clk 0:23:54]} 26. h4 {[%clk 0:20:04]} Nxa4 {[%clk
0:22:38]} 27. Nh2 {[%clk 0:20:00]} f5 {[%clk 0:10:24]} 28. exf6+ {[%clk 0:20:00]}
Rxf6 {[%clk 0:10:52]} 29. Ng4 {[%clk 0:20:04]} b3 {[%clk 0:10:00]} 30. Nxf6
{[%clk 0:19:27]} Bxf6 {[%clk 0:10:27]} 31. Nc3 {[%clk 0:18:09]} Nxc3 {[%clk
0:10:11]} 32. Qxc3 {[%clk 0:16:47]} b2 {[%clk 0:10:31]} 33. Rb1 {[%clk 0:17:10]}
Bxd4 {[%clk 0:10:51]} 34. Qf3 {[%clk 0:15:25]} Rc8 {[%clk 0:08:27]} 35. Qg4+
{[%clk 0:15:50]} Kh8 {[%clk 0:08:36]} 36. Be4 {[%clk 0:15:44]} Qf6 {[%clk
0:06:43]} 37. Qe2 {[%clk 0:14:56]} Rc1+ {[%clk 0:06:57]} 38. Kg2 {[%clk 0:15:19]}
a4 {[%clk 0:06:33]} 39. Qd2 {[%clk 0:14:09]} a3 {[%clk 0:06:16]} 40. Rxc1 {[%clk
0:43:52]} bxc1Q {[%clk 0:36:29]} 41. Qxc1 {[%clk 0:44:15]} Qxf2+ {[%clk 0:33:31]}
42. Kh3 {[%clk 0:43:52]} Qf8 {[%clk 0:33:42]} 43. Qc4 {[%clk 0:35:09]} 1/2-1/2

[Event "Women's Baku Chess Olympiad"]
[Site "chess24.com"]
[Date "2016.09.09"]
[Round "7"]
[White "Georgescu, Lena"]
[Black "Tin, Ruiqi"]
[Result "1-0"]
[Board "3"]
[WhiteID "1331973"]
[WhiteElo "2164"]
[WhiteTitle "WFM"]
[WhiteCountry "SUI"]
[WhiteFideId "1331973"]
[WhiteEloChange "3"]
[BlackID "5806453"]
[BlackElo "1892"]
[BlackCountry "SIN"]
[BlackFideId "5806453"]
[BlackEloChange "-3"]

1. e4 {[%clk 1:30:57]} e5 {[%clk 1:30:55]} 2. Bc4 {[%clk 1:31:23]} Nf6 {[%clk
1:31:19]} 3. d3 {[%clk 1:31:50]} Nc6 {[%clk 1:31:43]} 4. Nc3 {[%clk 1:32:16]} Bb4
{[%clk 1:32:07]} 5. Ne2 {[%clk 1:32:11]} d5 {[%clk 1:32:11]} 6. exd5 {[%clk
1:32:37]} Nxd5 {[%clk 1:32:36]} 7. O-O {[%clk 1:32:49]} Be6 {[%clk 1:32:31]} 8.
Bxd5 {[%clk 1:30:56]} Bxd5 {[%clk 1:32:46]} 9. f4 {[%clk 1:30:49]} Qd7 {[%clk
1:24:15]} 10. fxe5 {[%clk 1:19:46]} Nxe5 {[%clk 1:23:31]} 11. Nxd5 {[%clk
1:17:12]} Qxd5 {[%clk 1:23:48]} 12. Nf4 {[%clk 1:08:27]} Bc5+ {[%clk 1:01:58]}
13. Kh1 {[%clk 1:07:52]} Qd6 {[%clk 0:59:54]} 14. c3 {[%clk 1:01:17]} O-O-O
{[%clk 0:56:00]} 15. d4 {[%clk 1:01:14]} Bb6 {[%clk 0:52:43]} 16. a4 {[%clk
1:00:09]} c6 {[%clk 0:36:47]} 17. Qh5 {[%clk 0:38:06]} Ng6 {[%clk 0:25:58]} 18.
Nd3 {[%clk 0:36:28]} f6 {[%clk 0:17:44]} 19. Be3 {[%clk 0:35:57]} Qd5 {[%clk
0:09:50]} 20. Qg4+ {[%clk 0:32:10]} Qd7 {[%clk 0:08:46]} 21. Qxd7+ {[%clk
0:25:50]} Rxd7 {[%clk 0:08:39]} 22. Bf2 {[%clk 0:24:54]} Re8 {[%clk 0:07:09]} 23.
Bg3 {[%clk 0:21:15]} Bc7 {[%clk 0:07:26]} 24. Bxc7 {[%clk 0:21:24]} Kxc7 {[%clk
0:07:46]} 25. Kg1 {[%clk 0:20:38]} Re2 {[%clk 0:07:28]} 26. Rf2 {[%clk 0:19:45]}
Rde7 {[%clk 0:07:19]} 27. Kf1 {[%clk 0:18:57]} Rxf2+ {[%clk 0:07:29]} 28. Kxf2
{[%clk 0:19:19]} Nf8 {[%clk 0:05:50]} 29. a5 {[%clk 0:14:40]} Nd7 {[%clk
0:04:32]} 30. Kf3 {[%clk 0:13:59]} Kd6 {[%clk 0:03:59]} 31. c4 {[%clk 0:13:09]}
f5 {[%clk 0:01:26]} 32. Rd1 {[%clk 0:09:33]} g5 {[%clk 0:00:47]} 33. g3 {[%clk
0:06:54]} h6 {[%clk 0:00:45]} 34. b4 {[%clk 0:05:37]} Re4 {[%clk 0:00:38]} 35.
Nb2 {[%clk 0:03:37]} a6 {[%clk 0:00:38]} 36. Na4 {[%clk 0:01:55]} Ke6 {[%clk
0:00:38]} 37. Nc3 {[%clk 0:01:55]} Rg4 {[%clk 0:00:44]} 38. h3 {[%clk 0:01:50]}
Ne5+ {[%clk 0:00:48]} 39. Kf2 {[%clk 0:01:00]} 1-0

[Event "Women's Baku Chess Olympiad"]
[Site "chess24.com"]
[Date "2016.09.09"]
[Round "7"]
[White "Wafa, Shrook"]
[Black "Morozova, Iuliia"]
[Result "1-0"]
[Board "2"]
[WhiteID "10609970"]
[WhiteElo "2106"]
[WhiteTitle "WGM"]
[WhiteCountry "EGY"]
[WhiteFideId "10609970"]
[WhiteEloChange "8"]
[BlackID "14104946"]
[BlackElo "2025"]
[BlackTitle "WFM"]
[BlackCountry "BEL"]
[BlackFideId "14104946"]
[BlackEloChange "-8"]

1. e4 {[%clk 1:30:58]} e6 {[%clk 1:30:53]} 2. d4 {[%clk 1:31:21]} d5 {[%clk
1:31:19]} 3. Nc3 {[%clk 1:31:41]} Bb4 {[%clk 1:31:40]} 4. Ne2 {[%clk 1:32:02]}
Nf6 {[%clk 1:22:52]} 5. Bg5 {[%clk 1:30:32]} h6 {[%clk 1:22:39]} 6. Bxf6 {[%clk
1:30:48]} Qxf6 {[%clk 1:22:44]} 7. a3 {[%clk 1:30:51]} Ba5 {[%clk 1:22:22]} 8. b4
{[%clk 1:30:36]} Bb6 {[%clk 1:22:40]} 9. exd5 {[%clk 1:30:10]} O-O {[%clk
1:22:07]} 10. Qd3 {[%clk 1:25:21]} Rd8 {[%clk 1:20:22]} 11. Ne4 {[%clk 1:21:56]}
Qe7 {[%clk 1:19:36]} 12. d6 {[%clk 1:13:47]} cxd6 {[%clk 1:18:31]} 13. g3 {[%clk
1:12:58]} d5 {[%clk 1:11:34]} 14. N4c3 {[%clk 1:11:10]} e5 {[%clk 1:09:34]} 15.
Bg2 {[%clk 1:09:16]} Bxd4 {[%clk 0:58:35]} 16. O-O {[%clk 1:04:07]} Bxc3 {[%clk
0:55:11]} 17. Nxc3 {[%clk 1:04:23]} d4 {[%clk 0:51:34]} 18. Nd5 {[%clk 1:04:07]}
Qd6 {[%clk 0:49:11]} 19. f4 {[%clk 1:03:33]} e4 {[%clk 0:23:25]} 20. Bxe4 {[%clk
0:56:25]} Be6 {[%clk 0:23:29]} 21. c4 {[%clk 0:52:17]} Nc6 {[%clk 0:19:13]} 22.
f5 {[%clk 0:41:08]} Bxd5 {[%clk 0:18:51]} 23. Bxd5 {[%clk 0:33:32]} Qf6 {[%clk
0:13:03]} 24. Rad1 {[%clk 0:31:35]} a6 {[%clk 0:11:00]} 25. Rf4 {[%clk 0:26:56]}
Rac8 {[%clk 0:10:52]} 26. Bxc6 {[%clk 0:18:07]} Rxc6 {[%clk 0:10:44]} 27. c5
{[%clk 0:17:50]} Rd5 {[%clk 0:03:02]} 28. Qe4 {[%clk 0:16:01]} Re5 {[%clk
0:02:44]} 29. Qxd4 {[%clk 0:15:27]} Rxf5 {[%clk 0:03:01]} 30. Qd8+ {[%clk
0:09:59]} Kh7 {[%clk 0:03:25]} 31. Qxf6 {[%clk 0:07:32]} Rcxf6 {[%clk 0:02:17]}
32. Rxf5 {[%clk 0:07:44]} Rxf5 {[%clk 0:02:43]} 33. Rd7 {[%clk 0:07:45]} Rf3
{[%clk 0:02:59]} 34. Rxb7 {[%clk 0:07:39]} Rxa3 {[%clk 0:03:23]} 35. Rxf7 {[%clk
0:07:00]} Rc3 {[%clk 0:02:15]} 36. Kg2 {[%clk 0:04:52]} Rc4 {[%clk 0:02:15]} 37.
Rf4 {[%clk 0:04:36]} Rc2+ {[%clk 0:02:38]} 38. Rf2 {[%clk 0:04:56]} Rc4 {[%clk
0:02:58]} 39. Rf4 {[%clk 0:04:32]} Rc2+ {[%clk 0:03:22]} 40. Kh3 {[%clk 0:34:46]}
a5 {[%clk 0:33:24]} 41. bxa5 {[%clk 0:34:57]} Rxc5 {[%clk 0:33:39]} 42. Ra4
{[%clk 0:35:20]} Rc7 {[%clk 0:33:40]} 43. a6 {[%clk 0:35:33]} Ra7 {[%clk
0:34:05]} 44. Kg4 {[%clk 0:35:49]} Kg6 {[%clk 0:34:26]} 45. Kf4 {[%clk 0:35:43]}
Kf6 {[%clk 0:34:32]} 46. Ra5 {[%clk 0:35:52]} g6 {[%clk 0:33:53]} 47. h4 {[%clk
0:35:48]} Ke6 {[%clk 0:33:25]} 48. Ke4 {[%clk 0:35:07]} Kd6 {[%clk 0:32:55]} 49.
h5 {[%clk 0:35:17]} gxh5 {[%clk 0:24:11]} 50. Rxh5 {[%clk 0:35:07]} Rh7 {[%clk
0:24:20]} 51. Ra5 {[%clk 0:34:48]} Ra7 {[%clk 0:23:51]} 52. Kf5 {[%clk 0:35:03]}
Kc6 {[%clk 0:23:00]} 53. Kg6 {[%clk 0:35:17]} Kb6 {[%clk 0:20:48]} 54. Ra2 {[%clk
0:34:49]} Rc7 {[%clk 0:20:57]} 55. a7 {[%clk 0:34:48]} 1-0